00587nam a22001577a 450000500170000000800410001702000180005804100100007608200170008610000280010324501110013126000350024230000190027765000820029670000510037820250326162447.0250326b |||||||| |||| 00| 0 eng d a9780262049320 aEng.  a 338.927 GAT aGathen, Andreas Von Der aThe Demand Revolution: How Consumers Are Redefining Sustainability and Transforming the Future of Business aCambridgebThe MIT Pressc2024 a242;. P. 23 cm aSustainable Development; Consumption (Economics)-Environmental Aspects; Value aEckert, Nicolai Broby and Kastbjerg, Caroline